00353nam a22001217a 450000500170000000800410001704100080005808200080006610000620007424500580013626000290019430000080022320240807145243.0240807b |||||||| |||| 00| 0 eng d aeng bMAH aMahajan Shreeya - 2K201064 & Dr. Manasi Javadekar - Guide aStudy on Work Life Balance at Persistent Systems Ltd. aPune bSPPUcMarch-2022 a57p